| 000 | 00619nam a2200205 i 4500 | ||
|---|---|---|---|
| 001 | bgj | ||
| 100 | 1 |
_aAMMON, Herman _d(1888-1933). |
|
| 245 | 1 | 0 |
_aDeutsche Literaturgeschichte in Frage und Antwort. _nB. 1, _pVon den Anfängen bis 1500 / _cDr. Hermann Ammon. |
| 260 |
_aBonn : _bFerd. Dümmlers Verlag, _c1962. |
||
| 300 |
_a104 S. ; _c21 cm. |
||
| 490 | 1 |
_aDümmlerbuch ; _v8721 |
|
| 504 | _aBibliographie S. 97-100. | ||
| 505 | _aRegister. | ||
| 650 | 9 | _aDeutsche Literaturgeschichte | |
| 830 | _aDümmlerbuch ; | ||
| 040 | _cBPK | ||
| 041 | 0 | _ager | |
| 942 | _cKS | ||
| 008 | s gw f |000 0 ger | ||
| 999 |
_c50300 _d50300 |
||
| 856 |
_uhttp://koha.tu.koszalin.pl/cgi-bin/koha/opac-detail.pl?biblionumber=50300 _yKatalog online BPK |
||